000 00483nam a22001937a 4500
999 _c7704
_d7704
003 OSt
005 20220217114910.0
008 220217b ||||| |||| 00| 0 eng d
020 _a0849350530
040 _cDDC
082 _a631.42 ENC 2006 vol 1
100 _aLal, Rattan
_915734
245 _aEncyclopedia of soil science
250 _a2nd ed.
260 _aNewyork
_b: Taylor & Francis
_c, C 2006
300 _axxxvi,994p.
_b: ill
_c29cm
504 _aindex
942 _2ddc
_cBOOK